| 000 | 00374 a2200145 4500 | ||
|---|---|---|---|
| 003 | Nust | ||
| 005 | 20251008172640.0 | ||
| 040 | _cNust | ||
| 082 | _a621,MOT | ||
| 100 |
_aMotors, Fans, Pumps, Fuses / _9131035 |
||
| 245 |
_aData Pack B _cMOtors,Fans,Pumps,Fuses |
||
| 260 |
_aNorthants _bMOtors,Fans,Pumps,Fuses _c1994 |
||
| 500 | _acontents not available | ||
| 942 |
_2ddc _cBK |
||
| 999 |
_c190900 _d190900 |
||